000 01317nam a22002777a 4500
001 121713
008 231103s2023 xxk|||||o|||| 00| 0 eng d
020 _a9781783215126
041 _aeng
100 _aLao, Donglai
110 _aRoyal Institution of Chartered Surveyors
245 _aDecarbonising the built environment in China
_bIntegrating the efforts of regulators and companies
_h[Electronic resource]
260 _aLondon,
_bRoyal Institution of Chartered Surveyors,
_cNovember 2023
300 _a18p.
490 _aRICS Policy Paper
520 _aThis paper presents the current progress of decarbonisation in China’s built environment, including an overview of energy consumption and carbon emissions from the building sector (comprising construction and real estate) and a description of the policy landscape. It then identifies policy gaps and solutions to facilitate the decarbonisation process in China
650 _aCLIMATE CHANGE
650 _aNET ZERO
650 _aDECARBONISATION
651 _aChina
690 _96238
_aEnvironment
690 _96307
_aBuilt Environment
710 _aRoyal Institution of Chartered Surveyors
856 _uhttps://www.rics.org/content/dam/ricsglobal/documents/reports/rics-cop28-policy-paper-china.pdf
_zAvailable free on RICS.org
942 _n0
999 _c121713
_d121713